000 00643nam a22001937a 4500
005 20251108173701.0
008 250721s2006 xx 000 0 ara d
082 1 4 _a956.414/شرا
100 1 _aشراب، محمد محمد حسن
245 1 0 _aاللد والرملة : توأمان لفلسطين خالدان /
264 1 _aعمان :
_bالأهلية للنشر والتوزيع،
_c2006.
300 _a352 ص.
490 0 _aالمدائن الفلسطينية
_v7
650 1 7 _aتاريخ فلسطين
650 1 7 _aالمدن الفلسطينية
653 _aاللد و الرملة
942 _2ddc
_cBK
999 _c109866
_d109866